000 00257nam a22001097a 4500
008 160426b xxu||||| |||| 00| 0 eng d
020 _a 0316707937
041 _aeng
080 _a618.2
245 _aChild health nursing:
_cAdele Pillitteri;
942 _2udc
_cBK
999 _c1613
_d1613